[Event "Titled Tuesday intern op 09th Jan Early"]
[Site "Chess.com INT"]
[Date "2024.01.09"]
[Round "10"]
[White "Guevara Sanchez, Erick Marvin"]
[Black "Averchenko, Sergej"]
[Result "0-1"]
[WhiteElo "2010"]
[BlackElo "2164"]
[PlyCount "86"]
[EventDate "2024.01.09"]
[EventType "swiss (blitz)"]
[EventRounds "11"]
[EventCountry "USA"]
[SourceTitle "CB03_2024"]
[SourceDate "2024.01.17"]
[SourceVersion "1"]
[SourceVersionDate "2024.01.17"]
[SourceQuality "1"]

1. e4 c5 2. d4 cxd4 3. c3 d5 4. exd5 Qxd5 5. cxd4 Nf6 6. Nf3 Bg4 7. Nc3 Qd8 8. Be2 e6 9. 0-0 Nc6 10. Bg5 Be7 11. h3 Bh5 12. Rc1 0-0 13. Be3 Nb4 14. g4 Bg6 15. Ne5 Nbd5 16. Bg5 Rc8 17. f3 Nxc3 18. bxc3 Nd5 19. Bd2 Bd6 20. f4 Qh4 21. Kh2 f6 22. Nf3 Qh6 23. g5 fxg5 24. Ne5 Bf5 25. Bg4 gxf4 26. c4 Ne3 27. Bxe3 fxe3 28. Qe2 Bxe5+ 29. dxe5 Bxg4 30. Qxg4 Rf2+ 31. Rxf2 exf2 32. Rd1 Rf8 33. Kg2 f1Q+ 34. Rxf1 Rxf1 35. Kxf1 Qc1+ 36. Kf2 Qd2+ 37. Kf1 Qc1+ 38. Kf2 Qb2+ 39. Kf1 Qxe5 40. Kg1 h5 41. Qd1 h4 42. Qd8+ Kf7 43. Qxh4 Qc5+ 0-1

[Event "Titled Tuesday intern op 09th Jan Early"]
[Site "Chess.com INT"]
[Date "2024.01.09"]
[Round "7"]
[White "Lopez Idarraga, Daniel Eduardo"]
[Black "Guevara Sanchez, Erick Marvin"]
[Result "1-0"]
[WhiteElo "2030"]
[BlackElo "2010"]
[PlyCount "139"]
[EventDate "2024.01.09"]
[EventType "swiss (blitz)"]
[EventRounds "11"]
[EventCountry "USA"]
[SourceTitle "CB03_2024"]
[SourceDate "2024.01.17"]
[SourceVersion "1"]
[SourceVersionDate "2024.01.17"]
[SourceQuality "1"]

1. e4 c5 2. Nc3 Nc6 3. Bb5 Nd4 4. Nf3 e6 5. Nxd4 cxd4 6. Ne2 Qg5 7. Nxd4 Qxg2 8. Qf3 Qxf3 9. Nxf3 Nf6 10. d3 Be7 11. Rg1 0-0 12. h4 a6 13. Ba4 b5 14. Bb3 Bb7 15. Bg5 Kh8 16. Ne5 d6 17. Ng4 Rg8 18. 0-0-0 Rae8 19. f3 Nxg4 20. Rxg4 Bxg5+ 21. hxg5 g6 22. f4 Kg7 23. Rf1 a5 24. a3 Re7 25. f5 exf5 26. exf5 gxf5 27. Rxf5 Rc7 28. Rxb5 Ba6 29. Rd5 Bc8 30. Rf4 Be6 31. Rb5 Bxb3 32. Rxb3 Rgc8 33. c3 Rc5 34. Rb7 R8c7 35. Rxc7 Rxc7 36. Rf5 Ra7 37. a4 Kg6 38. Rd5 Ra6 39. Kd2 f6 40. gxf6 Kxf6 41. Ke3 Kg6 42. Kf4 h6 43. c4 h5 44. Rg5+ Kh6 45. Rb5 Kg6 46. d4 Rc6 47. b3 Ra6 48. Kg3 Ra8 49. Kh4 Re8 50. Rg5+ Kh6 51. Rxh5+ Kg6 52. Rd5 Re6 53. Kg4 Kf6 54. Kf4 Re1 55. Rxd6+ Ke7 56. Rb6 Rf1+ 57. Ke4 Kd7 58. c5 Kc7 59. Kd5 Rc1 60. Rh6 Kb7 61. Rh7+ Ka6 62. Kc6 Rc3 63. d5 Rxb3 64. d6 Rd3 65. d7 Rd1 66. Kc7 Rd5 67. c6 Rc5 68. d8Q Rd5 69. Qxd5 Ka7 70. Qxa5# 1-0

[Event "Titled Tuesday intern op 09th Jan Early"]
[Site "Chess.com INT"]
[Date "2024.01.09"]
[Round "9"]
[White "Zgadzaj, Rafal"]
[Black "Guevara Sanchez, Erick Marvin"]
[Result "1-0"]
[WhiteElo "1920"]
[BlackElo "2010"]
[PlyCount "113"]
[EventDate "2024.01.09"]
[EventType "swiss (blitz)"]
[EventRounds "11"]
[EventCountry "USA"]
[SourceTitle "CB03_2024"]
[SourceDate "2024.01.17"]
[SourceVersion "1"]
[SourceVersionDate "2024.01.17"]
[SourceQuality "1"]

1. e4 e6 2. b3 d5 3. exd5 exd5 4. Bb2 Nf6 5. Ne2 Bd6 6. g3 0-0 7. Bg2 Re8 8. 0-0 c5 9. d4 Nc6 10. dxc5 Bxc5 11. Nd4 Bg4 12. f3 Be6 13. Kh1 Qe7 14. Nxc6 bxc6 15. Nc3 Rad8 16. Qd2 Bb4 17. a3 Ba5 18. b4 Bb6 19. Rae1 a5 20. Na4 Bc7 21. Nc5 axb4 22. axb4 Rb8 23. Bd4 Rb5 24. c3 Ra8 25. Bh3 Re8 26. Bxe6 fxe6 27. Rxe6 Qf7 28. Rfe1 Rxe6 29. Nxe6 h5 30. Bxf6 gxf6 31. Nd4 Rb8 32. Nf5 Ra8 33. Re7 Qg6 34. Rg7+ Qxg7 35. Nxg7 Kxg7 36. Kg2 Ra1 37. Qe2 Bb6 38. Qe7+ Kg6 39. Kh3 Rf1 40. Qe8+ Kg7 41. Qxc6 Bg1 42. Qc7+ Kg6 43. Kg2 Rf2+ 44. Kxg1 Rc2 45. Qc5 d4 46. Qxd4 Rc1+ 47. Kf2 Rc2+ 48. Ke3 Rc1 49. Qd3+ Kg7 50. b5 Re1+ 51. Kf4 Re5 52. Qd7+ Kg6 53. g4 Rc5 54. Qf5+ Rxf5+ 55. gxf5+ Kf7 56. b6 Ke7 57. b7 1-0

[Event "Iberoamerican-ch 9th"]
[Site "Panama City"]
[Date "2023.11.28"]
[Round "5"]
[White "Guevara Sanchez, Erick Marvin"]
[Black "Guevara Ruiz, Marvin Andres"]
[Result "1-0"]
[WhiteElo "2059"]
[BlackElo "1781"]
[PlyCount "67"]
[EventDate "2023.11.25"]
[EventType "swiss"]
[EventRounds "9"]
[EventCountry "PAN"]
[SourceTitle "CB49_2023"]
[SourceDate "2023.12.06"]
[SourceVersion "1"]
[SourceVersionDate "2023.12.06"]
[SourceQuality "1"]

1. e4 c5 2. Nf3 Nc6 3. Bc4 e6 4. d4 cxd4 5. Nxd4 Nf6 6. Nc3 Bb4 7. 0-0 0-0 8. Nxc6 dxc6 9. Qe2 e5 10. Bg5 Bxc3 11. bxc3 Qe7 12. Rab1 h6 13. Bh4 b6 14. f4 Bg4 15. Bxf6 Qc5+ 16. Qf2 Qxc4 17. Qg3 Qe6 18. Bxg7 Kxg7 19. f5 Qxa2 20. Qxg4+ Kh7 21. Rbd1 Rg8 22. Qe2 a5 23. Rd7 Rad8 24. Rc7 Rd6 25. c4 Rf6 26. Rd1 Qb2 27. Ra7 Qa3 28. Rad7 Rg7 29. Ra7 a4 30. Rd8 Qc1+ 31. Qf1 Rxg2+ 32. Kxg2 Qxc2+ 33. Kh3 Qc3+ 34. Kh4 1-0

[Event "Iberoamerican-ch 9th"]
[Site "Panama City"]
[Date "2023.11.26"]
[Round "3"]
[White "Guevara Sanchez, Erick Marvin"]
[Black "Castillo Miranda, Mario Anel"]
[Result "1-0"]
[WhiteElo "2059"]
[BlackElo "1475"]
[PlyCount "51"]
[EventDate "2023.11.25"]
[EventType "swiss"]
[EventRounds "9"]
[EventCountry "PAN"]
[SourceTitle "CB49_2023"]
[SourceDate "2023.12.06"]
[SourceVersion "1"]
[SourceVersionDate "2023.12.06"]
[SourceQuality "1"]

1. e4 c5 2. Nf3 d6 3. d4 cxd4 4. Nxd4 Nf6 5. Nc3 a6 6. Be2 e6 7. Be3 Nbd7 8. 0-0 Be7 9. f4 b6 10. Nc6 Qc7 11. Nxe7 Kxe7 12. g4 Bb7 13. Bf3 Nc5 14. Qd4 e5 15. fxe5 dxe5 16. Qc4 h6 17. b4 Ne6 18. Qxc7+ Nxc7 19. Bxb6 Ne6 20. Nd5+ Bxd5 21. exd5 Nf4 22. c4 Rac8 23. Bc5+ Kd7 24. Bd1 Rhd8 25. Ba4+ Kc7 26. Be7 1-0

[Event "Titled Tuesday intern op 08th Aug Late"]
[Site "Chess.com INT"]
[Date "2023.08.08"]
[Round "9"]
[White "Pavlidou, Ekaterini"]
[Black "Guevara Sanchez, Erick Marvin"]
[Result "1-0"]
[WhiteElo "2088"]
[BlackElo "2072"]
[PlyCount "133"]
[EventDate "2023.08.08"]
[EventType "swiss (blitz)"]
[EventRounds "11"]
[EventCountry "USA"]
[SourceTitle "EXT 2024"]
[Source "ChessBase"]
[SourceDate "2023.10.10"]
[SourceVersion "1"]
[SourceVersionDate "2023.10.10"]
[SourceQuality "1"]

1. d4 Nf6 2. c4 e6 3. Nc3 Bb4 4. e3 0-0 5. Nf3 d5 6. Bd2 Bxc3 7. Bxc3 b6 8. Bd3 dxc4 9. Bxc4 Bb7 10. 0-0 Nbd7 11. b4 Rc8 12. a4 Ne4 13. Bb2 Ndf6 14. Ne5 Nd5 15. b5 Nd6 16. Bb3 Ne7 17. Rc1 a6 18. Qe2 axb5 19. axb5 Ng6 20. Rfd1 Qe8 21. Nc6 Bxc6 22. Rxc6 Ne7 23. Rc2 Qxb5 24. Qxb5 Nxb5 25. Rdc1 Nd5 26. Ba4 Nd6 27. Bd7 Ra8 28. f3 Nxe3 29. Rxc7 Ra2 30. Bc3 Rxg2+ 31. Kh1 Rf2 32. Bb4 Nef5 33. R7c6 Nxd4 34. Bxd6 Nxc6 35. Bxf8 Kxf8 36. Bxc6 Ke7 37. Rb1 Kf6 38. Rxb6 h5 39. Kg1 Rc2 40. Be4 Ra2 41. Rb7 h4 42. h3 g6 43. Bc6 Ra1+ 44. Kf2 Ra2+ 45. Ke3 Ra3+ 46. Ke2 Ra2+ 47. Kd3 Ra3+ 48. Ke4 Kg7 49. Be8 Ra2 50. Rxf7+ Kh6 51. Rf6 Rg2 52. Rxe6 Re2+ 53. Kd5 Rd2+ 54. Ke5 Rg2 55. Bxg6 Kg5 56. Be4 Ra2 57. f4+ Kh5 58. Bg6+ Kh6 59. Bb1+ Kg7 60. Bxa2 Kf8 61. f5 Kg8 62. Re7+ Kh8 63. Ke6 Kg8 64. Kf6+ Kh8 65. Rf7 Kg8 66. Kg6 Kh8 67. Rf8# 1-0

[Event "Titled Tuesday intern op 08th Aug Early"]
[Site "Chess.com INT"]
[Date "2023.08.08"]
[Round "11"]
[White "Seifert, Henryk"]
[Black "Guevara Sanchez, Erick Marvin"]
[Result "0-1"]
[WhiteElo "2106"]
[BlackElo "2072"]
[PlyCount "66"]
[EventDate "2023.08.08"]
[EventType "swiss (blitz)"]
[EventRounds "11"]
[EventCountry "USA"]
[SourceTitle "EXT 2024"]
[Source "ChessBase"]
[SourceDate "2023.10.10"]
[SourceVersion "1"]
[SourceVersionDate "2023.10.10"]
[SourceQuality "1"]

1. e4 c5 2. Nf3 Nc6 3. Bb5 Nd4 4. Nxd4 cxd4 5. 0-0 e6 6. d3 a6 7. Bc4 b5 8. Bb3 Bc5 9. Qh5 Qc7 10. f4 Bb7 11. f5 Nf6 12. Qg5 0-0 13. Bf4 e5 14. Bg3 h6 15. Qh4 d5 16. Nd2 dxe4 17. Nxe4 Bxe4 18. dxe4 d3+ 19. Kh1 d2 20. Rad1 Rad8 21. Bf2 a5 22. c3 a4 23. Bc2 a3 24. bxa3 Bxf2 25. Qxf2 Qxc3 26. Bb1 Rd4 27. Qe2 Rfd8 28. h3 Qxa3 29. Qxb5 Nh5 30. Qxe5 Ng3+ 31. Kg1 Qe3+ 32. Rf2 Qe1+ 33. Kh2 Qxf2 0-1

[Event "Titled Tuesday intern op 25th Jul Early"]
[Site "Chess.com INT"]
[Date "2023.07.25"]
[Round "9"]
[White "Guevara Sanchez, Erick Marvin"]
[Black "Glashausser, Sho"]
[Result "0-1"]
[WhiteElo "2072"]
[BlackElo "1924"]
[PlyCount "78"]
[EventDate "2023.07.25"]
[EventType "swiss (blitz)"]
[EventRounds "11"]
[EventCountry "USA"]
[SourceTitle "EXT 2024"]
[Source "ChessBase"]
[SourceDate "2023.10.10"]
[SourceVersion "1"]
[SourceVersionDate "2023.10.10"]
[SourceQuality "1"]

1. e4 e6 2. d4 d5 3. exd5 exd5 4. Bd3 Nf6 5. Bf4 Bd6 6. Bxd6 Qxd6 7. Nf3 Bg4 8. 0-0 0-0 9. h3 Bh5 10. c3 c6 11. Nbd2 Nbd7 12. Qc2 Bg6 13. Bxg6 hxg6 14. Rfe1 Rfe8 15. Nf1 Ne4 16. N1d2 Qf4 17. Nxe4 dxe4 18. Nd2 e3 19. fxe3 Rxe3 20. Rxe3 Qxe3+ 21. Kh1 Re8 22. Nf3 Qf4 23. Qf2 Nf6 24. Re1 Ne4 25. Qh4 Qxh4 26. Nxh4 Ng3+ 27. Kh2 Rxe1 28. Kxg3 Re2 29. b3 Rxa2 30. Kf4 Ra3 31. Ke5 Rxb3 32. c4 a5 33. d5 cxd5 34. cxd5 a4 35. d6 Kf8 36. Nf3 Rxf3 37. d7 Rd3 38. Ke4 Rxd7 39. Ke3 a3 0-1

[Event "Titled Tuesday intern op 25th Jul Early"]
[Site "Chess.com INT"]
[Date "2023.07.25"]
[Round "7"]
[White "Guevara Sanchez, Erick Marvin"]
[Black "Sariego Figueredo, Wilfredo"]
[Result "0-1"]
[WhiteElo "2072"]
[BlackElo "2318"]
[PlyCount "170"]
[EventDate "2023.07.25"]
[EventType "swiss (blitz)"]
[EventRounds "11"]
[EventCountry "USA"]
[SourceTitle "EXT 2024"]
[Source "ChessBase"]
[SourceDate "2023.10.10"]
[SourceVersion "1"]
[SourceVersionDate "2023.10.10"]
[SourceQuality "1"]

1. e4 c5 2. d4 cxd4 3. c3 Nf6 4. e5 Nd5 5. cxd4 d6 6. f4 dxe5 7. fxe5 e6 8. Nf3 Bb4+ 9. Bd2 0-0 10. Bxb4 Nxb4 11. Nc3 N8c6 12. Be2 Nxd4 13. 0-0 Nxe2+ 14. Qxe2 Bd7 15. Rad1 Qb6+ 16. Kh1 Bc6 17. Ng5 h6 18. Nge4 Nd5 19. Nxd5 Bxd5 20. b3 Bxe4 21. Qxe4 Rfd8 22. Qf3 Qc7 23. Rc1 Qe7 24. h3 Rac8 25. Rxc8 Rxc8 26. Rd1 Rd8 27. Rxd8+ Qxd8 28. Qxb7 Qa5 29. Qc8+ Kh7 30. Qc2+ g6 31. Qe2 Qc3 32. Kh2 a5 33. Kh1 Qd4 34. Kh2 Qf4+ 35. Kh1 Qd4 36. Kh2 h5 37. Kh1 Kh6 38. Kh2 g5 39. Kh1 Kg6 40. Qc2+ Kh6 41. Qe2 h4 42. Kh2 Qf4+ 43. Kh1 Kg6 44. Qc2+ Qf5 45. Qe2 Qb1+ 46. Kh2 Qf5 47. Kh1 f6 48. exf6 Kxf6 49. a3 Qb1+ 50. Kh2 Qxb3 51. Qf2+ Kg6 52. Qf8 a4 53. Qg8+ Kf5 54. Qh7+ Ke5 55. Qg7+ Kf4 56. Qf6+ Ke4 57. Qxg5 Kd3 58. Qxh4 e5 59. Qe1 e4 60. h4 e3 61. h5 e2 62. h6 Qc2 63. h7 Qc7+ 64. Kg1 Qxh7 65. Qb1+ Kd2 66. Qxh7 e1Q+ 67. Kh2 Qe5+ 68. Kg1 Qc5+ 69. Kh1 Qxa3 70. Qd7+ Kc2 71. Qf5+ Qd3 72. Qf2+ Kc1 73. Qc5+ Qc2 74. Qa3+ Kb1 75. Qb4+ Ka2 76. Qd4 a3 77. Qd5+ Ka1 78. Qd4+ Qb2 79. Qd1+ Qb1 80. Qxb1+ Kxb1 81. g4 a2 82. g5 a1Q 83. g6 Qa8+ 84. Kh2 Qe4 85. g7 Qg6 0-1

[Event "Titled Tuesday intern op 18th Jul Early"]
[Site "Chess.com INT"]
[Date "2023.07.18"]
[Round "8"]
[White "Bornholdt, Joa Max"]
[Black "Guevara Sanchez, Erick Marvin"]
[Result "0-1"]
[WhiteElo "2265"]
[BlackElo "2073"]
[PlyCount "86"]
[EventDate "2023.07.18"]
[EventType "swiss (blitz)"]
[EventRounds "11"]
[EventCountry "USA"]
[SourceTitle "EXT 2024"]
[Source "ChessBase"]
[SourceDate "2023.10.10"]
[SourceVersion "1"]
[SourceVersionDate "2023.10.10"]
[SourceQuality "1"]

1. d4 Nf6 2. c4 e6 3. Nf3 Bb4+ 4. Bd2 Qe7 5. a3 Bxd2+ 6. Nbxd2 c5 7. e3 cxd4 8. exd4 d5 9. Rc1 0-0 10. Bd3 dxc4 11. Nxc4 Nc6 12. 0-0 Bd7 13. Nce5 Nd5 14. Qc2 h6 15. Rfd1 Nf4 16. Bf1 Nxe5 17. Nxe5 Rac8 18. Qd2 Nd5 19. Rxc8 Rxc8 20. Rc1 Rxc1 21. Qxc1 a6 22. Bd3 Qd6 23. Bb1 Bc6 24. Qc2 Nf6 25. Nxc6 bxc6 26. Qd2 c5 27. b3 cxd4 28. Qc1 g5 29. Qc8+ Kg7 30. Qc4 Qd5 31. Qxa6 Qxb3 32. Qd3 Qxd3 33. Bxd3 Nd5 34. a4 Nb4 35. a5 Nc6 36. a6 Na7 37. f3 Kf6 38. Kf2 Ke5 39. Kg3 f5 40. h4 Kd5 41. hxg5 hxg5 42. f4 gxf4+ 43. Kxf4 Nc6 0-1

[Event "Titled Tuesday intern op 18th Jul Early"]
[Site "Chess.com INT"]
[Date "2023.07.18"]
[Round "9"]
[White "Davidson, Kevin"]
[Black "Guevara Sanchez, Erick Marvin"]
[Result "0-1"]
[WhiteElo "2154"]
[BlackElo "2073"]
[PlyCount "72"]
[EventDate "2023.07.18"]
[EventType "swiss (blitz)"]
[EventRounds "11"]
[EventCountry "USA"]
[SourceTitle "EXT 2024"]
[Source "ChessBase"]
[SourceDate "2023.10.10"]
[SourceVersion "1"]
[SourceVersionDate "2023.10.10"]
[SourceQuality "1"]

1. e4 c5 2. Nf3 Nc6 3. d4 cxd4 4. Nxd4 g6 5. Be3 Bg7 6. c4 Nf6 7. Nc3 d6 8. Be2 0-0 9. 0-0 Bd7 10. Nc2 Rc8 11. f3 Ne5 12. Na3 a6 13. Qd2 Qc7 14. Rac1 Rfd8 15. Rfe1 Be6 16. Bf1 Qb8 17. Bb6 Re8 18. Nd5 Bxd5 19. exd5 Nfd7 20. Bd4 Nc5 21. h3 a5 22. f4 Ned7 23. Bxg7 Kxg7 24. Qxa5 b6 25. Qc3+ Nf6 26. Nb5 Qa8 27. a3 Qa4 28. Qd4 Nb3 29. Qxb6 Nxc1 30. Rxc1 Qb3 31. Qd4 Kg8 32. Qc3 Qa4 33. Qd2 Qa6 34. Nd4 Qb6 35. Kh2 Ne4 36. Qd3 f5 0-1

[Event "Titled Tuesday intern op 04th Jul Early"]
[Site "Chess.com INT"]
[Date "2023.07.04"]
[Round "6"]
[White "Coelho, Ramyres Santana"]
[Black "Guevara Sanchez, Erick Marvin"]
[Result "1-0"]
[WhiteElo "1981"]
[BlackElo "2073"]
[PlyCount "41"]
[EventDate "2023.07.04"]
[EventType "swiss (blitz)"]
[EventRounds "11"]
[EventCountry "USA"]
[SourceTitle "EXT 2024"]
[Source "ChessBase"]
[SourceDate "2023.10.10"]
[SourceVersion "1"]
[SourceVersionDate "2023.10.10"]
[SourceQuality "1"]

1. e4 c5 2. Nf3 d6 3. d4 cxd4 4. Nxd4 Nf6 5. Nc3 g6 6. f4 Bg7 7. e5 dxe5 8. fxe5 Nfd7 9. e6 Nc5 10. exf7+ Kf8 11. Be3 Nbd7 12. b4 Qb6 13. bxc5 Nxc5 14. Bc4 Qb4 15. 0-0 Qxc3 16. Qe2 Bxd4 17. Bxd4 Qxd4+ 18. Kh1 Bg4 19. Qf2 Qxc4 20. Qd2 Ne4 21. Qh6# 1-0

[Event "Titled Tuesday intern op 04th Jul Early"]
[Site "Chess.com INT"]
[Date "2023.07.04"]
[Round "1"]
[White "Guevara Sanchez, Erick Marvin"]
[Black "Brunner, Nicolas"]
[Result "0-1"]
[WhiteElo "2073"]
[BlackElo "2426"]
[PlyCount "110"]
[EventDate "2023.07.04"]
[EventType "swiss (blitz)"]
[EventRounds "11"]
[EventCountry "USA"]
[SourceTitle "EXT 2024"]
[Source "ChessBase"]
[SourceDate "2023.10.10"]
[SourceVersion "1"]
[SourceVersionDate "2023.10.10"]
[SourceQuality "1"]

1. e4 e5 2. Nf3 Nf6 3. Nxe5 d6 4. Nf3 Nxe4 5. d4 d5 6. c4 Bb4+ 7. Bd2 Nxd2 8. Nbxd2 0-0 9. Be2 dxc4 10. 0-0 b5 11. a3 Bd6 12. Ne4 Bb7 13. Nxd6 cxd6 14. a4 a6 15. axb5 axb5 16. Rxa8 Bxa8 17. Qa1 Nc6 18. Qa6 Qa5 19. Qxa5 Nxa5 20. Ra1 Nb3 21. Ra6 Bxf3 22. Bxf3 Nxd4 23. Rxd6 Nxf3+ 24. gxf3 Rb8 25. Rc6 Kf8 26. Rc5 Ke7 27. Rc7+ Ke6 28. Rc6+ Kd5 29. Rc7 b4 30. Rxf7 c3 31. bxc3 b3 32. Rd7+ Kc4 33. Rd1 b2 34. Rb1 Kxc3 35. Kg2 Kc2 36. Rxb2+ Rxb2 37. Kg3 Kd3 38. f4 Ke4 39. Kg4 Rxf2 40. h4 Rxf4+ 41. Kg5 h6+ 42. Kh5 g5 43. Kg6 gxh4 44. Kh5 h3 45. Kg6 h2 46. Kg7 h5 47. Kh7 h4 48. Kh6 h1Q 49. Kh5 Qa1 50. Kh6 Qf6+ 51. Kh7 Qe7+ 52. Kh6 Rf6+ 53. Kh5 Qh7+ 54. Kg4 Qg7+ 55. Kh3 Qg3# 0-1

[Event "Titled Tuesday intern op 04th Jul Early"]
[Site "Chess.com INT"]
[Date "2023.07.04"]
[Round "2"]
[White "Mickiewicz, Piotr"]
[Black "Guevara Sanchez, Erick Marvin"]
[Result "1-0"]
[WhiteElo "2245"]
[BlackElo "2073"]
[PlyCount "71"]
[EventDate "2023.07.04"]
[EventType "swiss (blitz)"]
[EventRounds "11"]
[EventCountry "USA"]
[SourceTitle "EXT 2024"]
[Source "ChessBase"]
[SourceDate "2023.10.10"]
[SourceVersion "1"]
[SourceVersionDate "2023.10.10"]
[SourceQuality "1"]

1. c4 Nf6 2. Nf3 d6 3. d4 Nc6 4. Nc3 e5 5. d5 Nb8 6. e4 Be7 7. Be2 0-0 8. 0-0 a5 9. Be3 Bd7 10. Nd2 c6 11. a3 cxd5 12. cxd5 Na6 13. Rb1 Rc8 14. Nc4 Nc5 15. f3 b5 16. Nd2 b4 17. Nb5 Rb8 18. a4 Ne8 19. Bxc5 dxc5 20. Nc4 Nd6 21. Nbxd6 Bxd6 22. Nxd6 b3 23. Bb5 Bxb5 24. Nxb5 c4 25. Qd2 Qb6+ 26. Qf2 Qh6 27. Rfd1 Rfd8 28. g3 Qg5 29. Rbc1 Rbc8 30. Rc3 Qe7 31. Kg2 Qb4 32. Ra1 Rc5 33. Qe3 f5 34. Na7 fxe4 35. fxe4 Qb7 36. Qxc5 1-0

[Event "Titled Tuesday intern op 04th Jul Early"]
[Site "Chess.com INT"]
[Date "2023.07.04"]
[Round "9"]
[White "Rudzinska, Michalina"]
[Black "Guevara Sanchez, Erick Marvin"]
[Result "1-0"]
[WhiteElo "2257"]
[BlackElo "2073"]
[PlyCount "47"]
[EventDate "2023.07.04"]
[EventType "swiss (blitz)"]
[EventRounds "11"]
[EventCountry "USA"]
[SourceTitle "EXT 2024"]
[Source "ChessBase"]
[SourceDate "2023.10.10"]
[SourceVersion "1"]
[SourceVersionDate "2023.10.10"]
[SourceQuality "1"]

1. e4 c5 2. Nf3 Nc6 3. d4 cxd4 4. Nxd4 g6 5. Nc3 Bg7 6. Be3 Nf6 7. Nb3 0-0 8. Be2 d6 9. 0-0 Bd7 10. f4 Rc8 11. Bf3 a6 12. Nd5 Nxd5 13. exd5 Nb8 14. c3 Bf5 15. Bd4 Nd7 16. Bxg7 Kxg7 17. g4 e6 18. gxf5 exf5 19. Nd4 Qh4 20. Qd2 Nf6 21. Kh1 Rce8 22. Rg1 Ne4 23. Bxe4 Rxe4 24. Nxf5+ 1-0

[Event "Titled Tuesday intern op 27th Jun Early"]
[Site "Chess.com INT"]
[Date "2023.06.27"]
[Round "3"]
[White "Guevara Sanchez, Erick Marvin"]
[Black "Ng, Clive"]
[Result "0-1"]
[WhiteElo "2073"]
[BlackElo "2072"]
[PlyCount "70"]
[EventDate "2023.06.27"]
[EventType "swiss (blitz)"]
[EventRounds "11"]
[EventCountry "USA"]
[SourceTitle "EXT 2024"]
[Source "ChessBase"]
[SourceDate "2023.10.10"]
[SourceVersion "1"]
[SourceVersionDate "2023.10.10"]
[SourceQuality "1"]

1. e4 c5 2. Nf3 Nc6 3. d3 g6 4. Nc3 Bg7 5. g3 d6 6. Bg2 e6 7. 0-0 Nge7 8. Be3 Nd4 9. Ne2 Nxf3+ 10. Bxf3 Bxb2 11. Rb1 Bg7 12. Bg2 0-0 13. f4 Rb8 14. g4 f5 15. exf5 gxf5 16. g5 b5 17. Ng3 Qe8 18. Nh5 Bb7 19. Nxg7 Kxg7 20. Bxb7 Rxb7 21. Bc1 d5 22. c4 d4 23. Qe1 Qc6 24. Qe5+ Kg8 25. Re1 Ng6 26. Qxe6+ Qxe6 27. Rxe6 Rfb8 28. cxb5 Rxb5 29. Rxb5 Rxb5 30. Ba3 Nxf4 31. Re5 Nxd3 32. Rxf5 Ra5 33. Bxc5 Rxc5 34. Rf3 Rc1+ 35. Kg2 Ne1+ 0-1

[Event "Titled Tuesday intern op 27th Jun Early"]
[Site "Chess.com INT"]
[Date "2023.06.27"]
[Round "8"]
[White "Guevara Sanchez, Erick Marvin"]
[Black "Tarnowska, Aleksandra"]
[Result "0-1"]
[WhiteElo "2073"]
[BlackElo "1835"]
[PlyCount "160"]
[EventDate "2023.06.27"]
[EventType "swiss (blitz)"]
[EventRounds "11"]
[EventCountry "USA"]
[SourceTitle "EXT 2024"]
[Source "ChessBase"]
[SourceDate "2023.10.10"]
[SourceVersion "1"]
[SourceVersionDate "2023.10.10"]
[SourceQuality "1"]

1. e4 c5 2. Nf3 e6 3. d4 cxd4 4. Nxd4 a6 5. Bd3 Bc5 6. Nb3 Be7 7. c4 Qc7 8. Nc3 d6 9. 0-0 Nf6 10. Be3 Nbd7 11. f4 g6 12. Nd4 Nc5 13. Rc1 h5 14. b4 Nxd3 15. Qxd3 Bd7 16. a4 Ng4 17. Bd2 Rc8 18. h3 Nf6 19. Nce2 Qb8 20. Be3 Bxa4 21. Nf3 Bc6 22. e5 Bxf3 23. Rxf3 dxe5 24. fxe5 Qxe5 25. Bd4 Qd6 26. c5 Qd7 27. Qc3 Nd5 28. Qc4 Rh7 29. Rd1 Qb5 30. Qc2 Nxb4 31. Qe4 Qc6 32. Qe5 Nc2 33. Bc3 Qxc5+ 34. Qxc5 Rxc5 35. Kh1 Na3 36. Bb4 Rc2 37. Nd4 Rc4 38. Bxa3 Bxa3 39. Rxa3 Ke7 40. Rad3 Rh8 41. Nf3 Rhc8 42. Rd7+ Kf6 43. Rxb7 R8c7 44. Rb6 R7c6 45. Rb8 a5 46. Ra8 a4 47. Ra1 Rb6 48. R8xa4 Rc2 49. Ne1 Re2 50. R4a2 Rbb2 51. Rxb2 Rxb2 52. Nf3 g5 53. Kg1 g4 54. hxg4 hxg4 55. Nd4 Kg5 56. Rf1 Rd2 57. Nb3 Rd3 58. Nc1 Rd7 59. Ne2 f5 60. Nf4 e5 61. Ne6+ Kf6 62. Nf8 Rf7 63. Kf2 Rxf8 64. Rh1 Rg8 65. Rh6+ Rg6 66. Rh8 Kg5 67. Re8 e4 68. g3 Kf6 69. Rf8+ Kg7 70. Rxf5 Rf6 71. Rxf6 Kxf6 72. Ke2 Ke6 73. Kd2 Kd5 74. Ke2 Kd4 75. Kd2 e3+ 76. Ke2 Ke4 77. Kf1 Kf3 78. Kg1 Kxg3 79. Kh1 e2 80. Kg1 e1Q# 0-1

[Event "Titled Tuesday intern op 27th Jun Early"]
[Site "Chess.com INT"]
[Date "2023.06.27"]
[Round "5"]
[White "Melikhov, Evgeny V"]
[Black "Guevara Sanchez, Erick Marvin"]
[Result "1-0"]
[WhiteElo "2271"]
[BlackElo "2073"]
[PlyCount "53"]
[EventDate "2023.06.27"]
[EventType "swiss (blitz)"]
[EventRounds "11"]
[EventCountry "USA"]
[SourceTitle "EXT 2024"]
[Source "ChessBase"]
[SourceDate "2023.10.10"]
[SourceVersion "1"]
[SourceVersionDate "2023.10.10"]
[SourceQuality "1"]

1. d4 Nf6 2. c4 e6 3. Nc3 Bb4 4. Qc2 0-0 5. e4 d5 6. e5 Nfd7 7. Nf3 Nc6 8. cxd5 exd5 9. Bd3 h6 10. 0-0 Nb6 11. Qe2 Bg4 12. Be3 Bxf3 13. Qxf3 Nxe5 14. dxe5 d4 15. Qe4 g6 16. Bxd4 Be7 17. e6 f5 18. Qe3 Bg5 19. e7 Qxe7 20. Qxe7 Bxe7 21. Rad1 Bg5 22. Bc5 Rfe8 23. a4 a5 24. Nb5 Rac8 25. Nxc7 Rxc7 26. Bxb6 Rc6 27. Bb5 1-0

[Event "Titled Tuesday intern op 30th May Early"]
[Site "Chess.com INT"]
[Date "2023.05.30"]
[Round "7"]
[White "Guevara Sanchez, Erick Marvin"]
[Black "Kohler, Aran"]
[Result "0-1"]
[WhiteElo "2073"]
[BlackElo "2010"]
[PlyCount "112"]
[EventDate "2023.05.30"]
[EventType "swiss (blitz)"]
[EventRounds "11"]
[EventCountry "USA"]
[SourceTitle "CBM 214 Extra"]
[Source "ChessBase"]
[SourceDate "2023.07.31"]
[SourceVersion "1"]
[SourceVersionDate "2023.07.31"]
[SourceQuality "1"]

1. e4 g6 2. d4 Bg7 3. Nc3 d6 4. Be3 a6 5. f3 e6 6. Qd2 h6 7. Bc4 b5 8. Bb3 Bb7 9. Nh3 Ne7 10. Nf2 Nd7 11. Nd3 c6 12. a4 Qc7 13. axb5 axb5 14. Rxa8+ Bxa8 15. 0-0 e5 16. d5 g5 17. dxc6 Bxc6 18. Nb4 0-0 19. Nxc6 Qxc6 20. Nd5 Nxd5 21. Bxd5 Qa6 22. Qb4 Rc8 23. Qb3 Rf8 24. c3 Nf6 25. Rd1 Nxd5 26. Rxd5 Rb8 27. Qd1 Bf8 28. b4 Qc6 29. Qd3 Qa6 30. h3 Be7 31. Kh2 Qc6 32. h4 gxh4 33. Bxh6 Qa6 34. Qd2 Qa1 35. Bg5 Bf8 36. Bxh4 Rc8 37. Rd3 Kh7 38. Bf6 Bh6 39. Qd1 Bf4+ 40. g3 Qb2+ 41. Kh3 Bh6 42. Rxd6 Qxc3 43. Qd3 Qxb4 44. Bxe5 Qe1 45. Rxh6+ Kxh6 46. Bf4+ Kh7 47. e5+ Kg8 48. Qf5 Qh1+ 49. Kg4 Rc6 50. Bg5 Rg6 51. Qc8+ Kg7 52. f4 Qd1+ 53. Kf5 Qd3+ 54. Kg4 Qe2+ 55. Kf5 Qd3+ 56. Kg4 b4 0-1